000 00991nas a2200301 4500
001 BR2021000356
003 BR-BrBNA
005 20231205132146.0
007 ta
008 230509b bl.|||p| |||| 00| 00por d
040 _aBR-BrBNA
_bpor
_cBiblioteca Nacional de Agricultura
041 _a(Pt)
072 _aJ11
100 1 _aSousa, S. de F.
100 1 _aFeitosa, R.M.
100 1 _aFigueirêdo, R.M.F. de
245 1 _aAplicação de diferentes revestimentos na conservação pós-colheita da banana cv. prata
650 _aGOMA
650 _aBANANA
650 _aMUSA SP
650 _aARMAZENAMENTO
650 _aREVESTIMENTO
773 0 _tNativa. Pesquisas Agrárias e Ambientais (Brazil)
_xISSN 2318-7670
_g(Nov-Dec 2018), v. 6(6) p. 563-568
_wBR2021000356
856 4 0 _uhttps://periodicoscientificos.ufmt.br/ojs/index.php/nativa/article/view/5583/4915
856 4 0 _dLink DSPACE/MAPA BR2021000356
909 _a202311
_bLúcia
_c55
_dLúcia Elande
942 _2AGRIS
_n0
_cANA
999 _c258810
_d258810